[Event "Pfalz op 10th"]
[Site "Neustadt an der Weinstrasse"]
[Date "2019.03.04"]
[Round "6"]
[White "Huschens, Matthias"]
[Black "Hildenbrand, Peter"]
[Result "1-0"]
[WhiteElo "2023"]
[BlackElo "2248"]
[PlyCount "59"]
[EventDate "2019.03.01"]
[EventType "swiss"]
[EventRounds "9"]
[EventCountry "GER"]
[SourceTitle "CBM 189 Extra"]
[Source "ChessBase"]
[SourceDate "2019.06.03"]
[SourceVersion "1"]
[SourceVersionDate "2019.06.03"]
[SourceQuality "1"]

1. e4 d6 2. d4 Nf6 3. Nc3 e5 4. Nf3 Nbd7 5. g4 d5 6. Nxe5 Bb4 7. Bd2 Bxc3 8. Bxc3 Nxe4 9. Qf3 0-0 10. h4 Nxc3 11. Qxc3 Nxe5 12. dxe5 d4 13. Qg3 Qd5 14. Bg2 Qa5+ 15. Kd1 Be6 16. h5 d3 17. cxd3 Rfd8 18. Be4 Bd5 19. Qf4 c5 20. h6 Bxe4 21. Qxe4 Rxd3+ 22. Ke2 Rd4 23. Qf5 Qd2+ 24. Kf3 g5 25. Kg2 Qf4 26. Qxf4 gxf4 27. Rad1 Rad8 28. Rxd4 Rxd4 29. Rh5 Rd5 30. Kf3 1-0

[Event "Staufer op 29th"]
[Site "Schwaebisch Gmuend"]
[Date "2017.01.06"]
[Round "9"]
[White "Hildenbrand, Peter"]
[Black "Rafiee, Makan"]
[Result "1/2-1/2"]
[WhiteElo "2226"]
[BlackElo "2316"]
[PlyCount "56"]
[EventDate "2017.01.02"]
[EventType "swiss"]
[EventRounds "9"]
[EventCountry "GER"]
[SourceTitle "CBM 176 Extra"]
[Source "ChessBase"]
[SourceDate "2017.03.02"]
[SourceVersion "1"]
[SourceVersionDate "2017.03.02"]
[SourceQuality "1"]

1. d4 Nf6 2. Bf4 e6 3. e3 Be7 4. c3 b6 5. h3 Bb7 6. Nf3 c5 7. Nbd2 0-0 8. Bd3 cxd4 9. exd4 d6 10. Qe2 Nbd7 11. 0-0 Re8 12. Rfe1 Bf8 13. Rad1 Qc7 14. Bh2 Bc6 15. Bb5 Bxb5 16. Qxb5 a6 17. Qb3 b5 18. Nf1 Rab8 19. Ng5 Qc6 20. f3 a5 21. a3 Nb6 22. Nd2 h6 23. Nge4 Nfd5 24. Qa2 Rec8 25. Rc1 Nc4 26. Nb1 Qb6 27. b3 Nce3 28. Qf2 f5 1/2-1/2

[Event "Verbandsliga Nordbaden 1516"]
[Site "Baden"]
[Date "2016.03.06"]
[Round "7.1"]
[White "Loukanov, Tsvetomir"]
[Black "Hildenbrand, Peter"]
[Result "0-1"]
[WhiteElo "2218"]
[BlackElo "2194"]
[PlyCount "86"]
[EventDate "2015.09.27"]
[EventType "team-tourn"]
[EventRounds "9"]
[EventCountry "GER"]
[SourceTitle "EXT 2022"]
[Source "ChessBase"]
[SourceDate "2021.10.06"]
[SourceVersion "1"]
[SourceVersionDate "2021.10.06"]
[SourceQuality "1"]
[WhiteTeam "Buchen II"]
[BlackTeam "Leimen"]
[WhiteTeamCountry "GER"]
[BlackTeamCountry "GER"]

1. Nf3 d6 2. d4 g6 3. e3 Bg7 4. Bd3 e5 5. b3 exd4 6. Bb2 Nc6 7. 0-0 Nge7 8. Nxd4 Nxd4 9. Bxd4 0-0 10. c4 Bxd4 11. exd4 Nf5 12. Nc3 c6 13. d5 c5 14. Bxf5 Bxf5 15. Qf3 a6 16. h3 Qg5 17. Rfe1 Rfe8 18. Re3 Rxe3 19. fxe3 Re8 20. e4 Bd7 21. Rf1 f5 22. Kh1 b5 23. g4 b4 24. gxf5 Bxf5 25. exf5 Re3 26. Qg4 Qxg4 27. hxg4 bxc3 28. Kg2 gxf5 29. gxf5 Kf7 30. Kf2 Rd3 31. Ke2 Rd2+ 32. Ke3 Rh2 33. Kd3 c2 34. Kc3 h5 35. Kb2 h4 36. Rf4 Kf6 37. a3 a5 38. b4 cxb4 39. axb4 axb4 40. c5 b3 41. Rf1 Rd2 42. Rc1 Rxd5 43. Kxb3 Rxc5 0-1

[Event "Bad Woerishofen op 32nd"]
[Site "Bad Woerishofen"]
[Date "2016.03.01"]
[Round "5"]
[White "Singer, Christoph"]
[Black "Hildenbrand, Peter"]
[Result "1/2-1/2"]
[WhiteElo "2316"]
[BlackElo "2194"]
[PlyCount "179"]
[EventDate "2016.02.26"]
[EventType "swiss"]
[EventRounds "9"]
[EventCountry "GER"]
[SourceTitle "CBM 171 Extra"]
[Source "ChessBase"]
[SourceDate "2016.04.26"]
[SourceVersion "1"]
[SourceVersionDate "2016.04.26"]
[SourceQuality "1"]

1. e4 d6 2. d4 Nf6 3. Nc3 e5 4. Nf3 Nbd7 5. Bc4 Be7 6. 0-0 0-0 7. a4 c6 8. Re1 a5 9. Ba2 exd4 10. Nxd4 Nc5 11. h3 Qb6 12. Nb3 Nxb3 13. Bxb3 Be6 14. Nd5 cxd5 15. exd5 Nxd5 16. Bxd5 Bxd5 17. Qxd5 Bf6 18. Ra3 Rae8 19. Rae3 Re5 20. Qd1 Rfe8 21. b3 Qc6 22. Qd3 g6 23. Bd2 b6 24. c4 Kg7 25. Kf1 R8e6 26. Bc1 Qc5 27. Rd1 Bg5 28. Qc3 Rf6 29. Rf3 Rxf3 30. Qxf3 Bxc1 31. Rxc1 Qd4 32. Rd1 Qc5 33. Qd3 Re6 34. Qd4+ Kg8 35. g3 h5 36. h4 Qf5 37. Kg2 Qc5 38. Qf4 Qc6+ 39. Qf3 Qd7 40. Rd5 Re5 41. Rd2 Rc5 42. Qa8+ Kg7 43. Qb8 Rc6 44. Re2 Qc8 45. Qxc8 Rxc8 46. Re7 Kf6 47. Rb7 Rc6 48. Kf1 Ke6 49. Ke2 f5 50. Rg7 Kf6 51. Rd7 Ke6 52. Rd8 Ke7 53. Rb8 Ke6 54. Kd3 d5 55. Re8+ Kd7 56. cxd5 Rf6 57. Rg8 f4 58. Ke4 fxg3 59. fxg3 Kd6 60. Rd8+ Kc7 61. Re8 Kd7 62. Rg8 Ke7 63. Rg7+ Kf8 64. Rb7 Ke8 65. Rc7 Rf1 66. Rc6 Re1+ 67. Kd4 Kf7 68. Rxb6 Rg1 69. Ke5 Rxg3 70. Rb7+ Ke8 71. Kf6 Rh3 72. Kxg6 Rxh4 73. Rb5 Rh3 74. Rxa5 Rxb3 75. Kf6 Kd7 76. Ke5 Re3+ 77. Kd4 Ra3 78. Ra7+ Kd6 79. Ra6+ Kd7 80. Kc5 Rc3+ 81. Kb4 Rd3 82. Kc4 Ra3 83. Ra7+ Kd6 84. Ra6+ Kd7 85. Ra8 h4 86. Kb4 Rd3 87. Kc4 Ra3 88. Kc5 Rc3+ 89. Kb5 Rd3 90. Kc4 1/2-1/2

[Event "Verbandsliga Nordbaden 1516"]
[Site "Baden"]
[Date "2015.11.22"]
[Round "3.1"]
[White "Nekrasov, Mihail"]
[Black "Hildenbrand, Peter"]
[Result "1/2-1/2"]
[WhiteElo "2394"]
[BlackElo "2194"]
[PlyCount "35"]
[EventDate "2015.09.27"]
[EventType "team-tourn"]
[EventRounds "9"]
[EventCountry "GER"]
[SourceTitle "EXT 2022"]
[Source "ChessBase"]
[SourceDate "2021.10.06"]
[SourceVersion "1"]
[SourceVersionDate "2021.10.06"]
[SourceQuality "1"]
[WhiteTeam "Hockenheim II"]
[BlackTeam "Leimen"]
[WhiteTeamCountry "GER"]
[BlackTeamCountry "GER"]

1. e4 e5 2. Nf3 Nf6 3. Nc3 d6 4. d4 Nbd7 5. Bc4 Be7 6. 0-0 0-0 7. a4 a5 8. dxe5 Nxe5 9. Nxe5 dxe5 10. Qf3 Qd4 11. Bb3 Bg4 12. Qg3 Nxe4 13. Qxg4 Nxc3 14. Qf3 Ne4 15. c3 Qb6 16. Qxe4 Qxb3 17. Qxe5 Bd6 18. Qb5 1/2-1/2

[Event "Verbandsliga Nordbaden 1516"]
[Site "Baden"]
[Date "2015.10.25"]
[Round "2.1"]
[White "Hildenbrand, Peter"]
[Black "Buecker, Stefan"]
[Result "1-0"]
[WhiteElo "2194"]
[BlackElo "2287"]
[PlyCount "59"]
[EventDate "2015.09.27"]
[EventType "team-tourn"]
[EventRounds "9"]
[EventCountry "GER"]
[SourceTitle "EXT 2022"]
[Source "ChessBase"]
[SourceDate "2021.10.06"]
[SourceVersion "1"]
[SourceVersionDate "2021.10.06"]
[SourceQuality "1"]
[WhiteTeam "Leimen"]
[BlackTeam "Pforzheim"]
[WhiteTeamCountry "GER"]
[BlackTeamCountry "GER"]

1. e4 e6 2. d4 d5 3. Nc3 Bb4 4. Nge2 dxe4 5. a3 Be7 6. Nxe4 Bd7 7. Be3 Bc6 8. Qd3 Nd7 9. f3 b5 10. Qc3 Bxe4 11. fxe4 Ngf6 12. Ng3 h5 13. Bxb5 h4 14. Ne2 Nxe4 15. Qc6 Nd6 16. Bd3 Rb8 17. b4 Bf6 18. 0-0 h3 19. g3 Kf8 20. c4 g6 21. Rae1 Kg7 22. c5 Nc8 23. Nf4 g5 24. Nxe6+ fxe6 25. Qxe6 Rh6 26. Qg4 Nf8 27. Rxf6 Rxf6 28. Bxg5 Qd5 29. Bxf6+ Kf7 30. Qg7# 1-0

[Event "Verbandsliga Nordbaden 1415"]
[Site "Baden"]
[Date "2015.02.08"]
[Round "6.1"]
[White "Jacob, Volker"]
[Black "Hildenbrand, Peter"]
[Result "1-0"]
[WhiteElo "2283"]
[BlackElo "2214"]
[PlyCount "67"]
[EventDate "2014.10.12"]
[EventType "team-tourn"]
[EventRounds "9"]
[EventCountry "GER"]
[SourceTitle "EXT 2022"]
[Source "ChessBase"]
[SourceDate "2021.10.06"]
[SourceVersion "1"]
[SourceVersionDate "2021.10.06"]
[SourceQuality "1"]
[WhiteTeam "Viernheim II"]
[BlackTeam "Leimen"]
[WhiteTeamCountry "GER"]
[BlackTeamCountry "GER"]

1. c4 e5 2. Nc3 d6 3. Nf3 Nc6 4. d4 exd4 5. Nxd4 Nf6 6. g3 Nxd4 7. Qxd4 Be6 8. Bg2 Qc8 9. Nd5 Bxd5 10. cxd5 Be7 11. Bd2 0-0 12. Rc1 a5 13. 0-0 Nd7 14. Bc3 Bf6 15. Qf4 Bxc3 16. Rxc3 Nc5 17. h4 Ra6 18. b3 Rb6 19. Rc4 Re8 20. Bf3 Qd7 21. Kg2 Re7 22. Rfc1 Qe8 23. Qd2 Qa8 24. Rg4 Kh8 25. Rcc4 Ra6 26. Rxg7 Kxg7 27. Rg4+ Kf8 28. Qh6+ Ke8 29. Rg8+ Kd7 30. Bg4+ Ne6 31. Rxa8 Rxa8 32. Qxh7 b5 33. dxe6+ fxe6 34. Bxe6+ 1-0

[Event "Staufer op-A 27th"]
[Site "Schwaebisch Gmuend"]
[Date "2015.01.04"]
[Round "6"]
[White "Carlstedt, Jonathan"]
[Black "Hildenbrand, Peter"]
[Result "1-0"]
[WhiteElo "2437"]
[BlackElo "2214"]
[PlyCount "43"]
[EventDate "2015.01.02"]
[EventType "swiss"]
[EventRounds "9"]
[EventCountry "GER"]
[SourceTitle "CBM 164 Extra"]
[Source "ChessBase"]
[SourceDate "2015.03.02"]
[SourceVersion "1"]
[SourceVersionDate "2015.03.02"]
[SourceQuality "1"]

1. c4 d6 2. g3 e5 3. Bg2 Nf6 4. Nc3 g6 5. e4 Nc6 6. Nge2 Bg7 7. 0-0 Be6 8. d3 Qd7 9. f4 Bh3 10. f5 Bxg2 11. Kxg2 h6 12. Nd5 g5 13. Qa4 a6 14. Nec3 0-0 15. h4 gxh4 16. Nxf6+ Bxf6 17. Bxh6 h3+ 18. Kh2 Bg7 19. Bxg7 Kxg7 20. f6+ Kg6 21. Rf5 Rh8 22. Qd1 1-0

[Event "Verbandsliga Nordbaden 1415"]
[Site "Baden"]
[Date "2014.11.23"]
[Round "3.1"]
[White "Hildenbrand, Peter"]
[Black "Buecker, Stefan"]
[Result "1/2-1/2"]
[WhiteElo "2214"]
[BlackElo "2301"]
[PlyCount "112"]
[EventDate "2014.10.12"]
[EventType "team-tourn"]
[EventRounds "9"]
[EventCountry "GER"]
[SourceTitle "EXT 2022"]
[Source "ChessBase"]
[SourceDate "2021.10.06"]
[SourceVersion "1"]
[SourceVersionDate "2021.10.06"]
[SourceQuality "1"]
[WhiteTeam "Leimen"]
[BlackTeam "Pforzheim"]
[WhiteTeamCountry "GER"]
[BlackTeamCountry "GER"]

1. d4 f5 2. Bg5 c5 3. c3 Qb6 4. Bc1 Nf6 5. Nf3 e6 6. g3 Nc6 7. e3 d5 8. Bg2 Bd7 9. 0-0 Rd8 10. b3 Be7 11. Ne5 Nxe5 12. dxe5 Ng4 13. f4 Bb5 14. Rf3 0-0 15. h3 Nh6 16. Kh2 Rd7 17. Rf2 Kh8 18. Rd2 Rdd8 19. Na3 Ba6 20. c4 d4 21. exd4 Rxd4 22. Rxd4 cxd4 23. Nc2 Rd8 24. Qd3 Qa5 25. Bb2 b5 26. Bxd4 bxc4 27. bxc4 Qc7 28. Bf1 Bb7 29. Bg2 Bxg2 30. Kxg2 g5 31. Kh2 gxf4 32. gxf4 Bc5 33. Rg1 Qf7 34. Qe3 Be7 35. Qe2 Bh4 36. c5 Ng8 37. Bf2 Be7 38. c6 Rc8 39. Nd4 Bc5 40. Rc1 Bxd4 41. Bxd4 Ne7 42. Bxa7 Nxc6 43. Bf2 h6 44. Qf3 Qe8 45. Bh4 Kh7 46. Bf6 Qd7 47. Rg1 Rg8 48. Rxg8 Kxg8 49. Kg3 Kh7 50. Kh4 Nb4 51. Qa8 Qf7 52. Qa4 Nd5 53. Kg3 Qc7 54. Kh4 Qf7 55. Kg3 Qc7 56. Kh4 Qf7 1/2-1/2

[Event "Kiel op-A 27th"]
[Site "Kiel"]
[Date "2014.08.03"]
[Round "3"]
[White "Hildenbrand, Peter"]
[Black "Stopa, Jacek"]
[Result "0-1"]
[WhiteElo "2240"]
[BlackElo "2498"]
[PlyCount "86"]
[EventDate "2014.08.02"]
[EventType "swiss"]
[EventRounds "9"]
[EventCountry "GER"]
[SourceTitle "CBM 161 Extra"]
[Source "ChessBase"]
[SourceDate "2014.08.29"]
[SourceVersion "1"]
[SourceVersionDate "2014.08.29"]
[SourceQuality "1"]

1. e4 d6 2. d4 Nf6 3. Nc3 c6 4. Nf3 Qb6 5. Be2 Bg4 6. Nd2 Bxe2 7. Nxe2 e6 8. 0-0 d5 9. e5 Ng8 10. c4 Nd7 11. c5 Qa6 12. f4 Ne7 13. Rf3 b6 14. b4 h5 15. a4 Nf5 16. Bb2 bxc5 17. dxc5 Qb7 18. Rb3 a5 19. Nd4 axb4 20. Nxf5 exf5 21. Rh3 Nxc5 22. Rxh5 Rxh5 23. Qxh5 Nd3 24. Bd4 Nxf4 25. Qf3 Ne6 26. Bf2 g6 27. h4 f4 28. a5 Qc7 29. Kh2 Rxa5 30. Rxa5 Qxa5 31. Nc4 Qc7 32. Nd6+ Bxd6 33. exd6 Qxd6 34. h5 gxh5 35. Qxh5 Qf8 36. Qe5 Kd7 37. Qa1 b3 38. Qa7+ Nc7 39. Bb6 Qd6 40. Bc5 Qh6+ 41. Kg1 f3 42. Bb6 Qf4 43. Qb7 Qg3 0-1

[Event "Kiel op-A 27th"]
[Site "Kiel"]
[Date "2014.08.02"]
[Round "1"]
[White "Hildenbrand, Peter"]
[Black "Beeck, Mats"]
[Result "1-0"]
[WhiteElo "2240"]
[BlackElo "1897"]
[PlyCount "55"]
[EventDate "2014.08.02"]
[EventType "swiss"]
[EventRounds "9"]
[EventCountry "GER"]
[SourceTitle "CBM 161 Extra"]
[Source "ChessBase"]
[SourceDate "2014.08.29"]
[SourceVersion "1"]
[SourceVersionDate "2014.08.29"]
[SourceQuality "1"]

1. d4 Nf6 2. Nf3 g6 3. e3 Bg7 4. Bd3 c5 5. 0-0 0-0 6. c3 d6 7. b3 Nc6 8. Re1 Qd7 9. Bb2 e5 10. Nbd2 Re8 11. dxe5 dxe5 12. Ng5 h6 13. Nge4 Nxe4 14. Nxe4 b6 15. Bb5 Bb7 16. Qd6 Qxd6 17. Nxd6 Re7 18. Red1 Na5 19. Ba6 Bc6 20. b4 Nb7 21. b5 Nxd6 22. bxc6 Rd8 23. Rd2 Rc7 24. Rad1 Bf8 25. f4 f6 26. fxe5 fxe5 27. c4 Kf7 28. Rf1+ 1-0

[Event "Verbandsliga Nord Baden 1314"]
[Site "Germany"]
[Date "2014.03.23"]
[Round "8.1"]
[White "Hildenbrand, Peter"]
[Black "Buecker, Stefan"]
[Result "0-1"]
[WhiteElo "2251"]
[BlackElo "2301"]
[PlyCount "100"]
[EventDate "2013.10.20"]
[EventType "team-tourn"]
[EventRounds "9"]
[EventCountry "GER"]
[SourceTitle "EXT 2015"]
[Source "ChessBase"]
[SourceDate "2014.11.20"]
[SourceVersion "1"]
[SourceVersionDate "2014.11.20"]
[SourceQuality "1"]
[WhiteTeam "Leimen"]
[BlackTeam "Pforzheim"]
[WhiteTeamCountry "GER"]
[BlackTeamCountry "GER"]

1. d4 d6 2. c4 f5 3. g3 Nf6 4. Bg2 g6 5. Nc3 Bg7 6. Nf3 c6 7. 0-0 0-0 8. b3 Qa5 9. Bb2 e5 10. Qe1 Qc7 11. dxe5 dxe5 12. e4 f4 13. gxf4 Nh5 14. Ne2 Nxf4 15. Nxf4 Rxf4 16. Bc1 Rf7 17. Ng5 Rf8 18. Ba3 c5 19. Qe3 Bf6 20. Nh3 b6 21. Kh1 Nc6 22. Bb2 Qe7 23. f4 Bxh3 24. Qxh3 Rad8 25. f5 Bg5 26. Rad1 Rxd1 27. Rxd1 Nd4 28. fxg6 hxg6 29. Rf1 Bf4 30. Bc1 Bxc1 31. Rxc1 Kg7 32. Rf1 Rxf1+ 33. Bxf1 Qf7 34. Kg1 Qf4 35. Bg2 Ne2+ 36. Kh1 Qf2 37. Qd7+ Kh6 38. Qd2+ g5 39. Qd6+ Kh5 40. Qd1 g4 41. Qa1 Qf4 42. a3 a5 43. Bf1 Qxe4+ 44. Bg2 Qe3 45. Bc6 Qc1+ 46. Qxc1 Nxc1 47. Kg2 Kg5 48. Kg3 Ne2+ 49. Kf2 Nd4 50. Ba4 Kf4 0-1

[Event "Verbandsliga Nord Baden 1314"]
[Site "Germany"]
[Date "2013.10.20"]
[Round "1.1"]
[White "Hildenbrand, Peter"]
[Black "Schrems, Hermann"]
[Result "1-0"]
[WhiteElo "2251"]
[BlackElo "2191"]
[PlyCount "89"]
[EventDate "2013.10.20"]
[EventType "team-tourn"]
[EventRounds "9"]
[EventCountry "GER"]
[SourceTitle "EXT 2015"]
[Source "ChessBase"]
[SourceDate "2014.11.20"]
[SourceVersion "1"]
[SourceVersionDate "2014.11.20"]
[SourceQuality "1"]
[WhiteTeam "Leimen"]
[BlackTeam "Weinheim"]
[WhiteTeamCountry "GER"]
[BlackTeamCountry "GER"]

1. d4 Nf6 2. c4 g6 3. Nc3 d5 4. cxd5 Nxd5 5. e4 Nxc3 6. bxc3 Bg7 7. Be3 c5 8. Rc1 Qa5 9. Qd2 0-0 10. Nf3 Rd8 11. d5 Qa4 12. c4 Na6 13. Be2 b6 14. 0-0 Nb4 15. Bg5 Re8 16. a3 Qxa3 17. Bh6 Qb2 18. Qe3 Bd7 19. Rb1 Bxh6 20. Qxh6 Qg7 21. Qf4 e5 22. Qd2 f5 23. exf5 Bxf5 24. Ra1 a5 25. Nh4 Bd7 26. g3 e4 27. Ng2 Rad8 28. Ne3 Bc8 29. Rad1 Rd6 30. Bg4 Bxg4 31. Nxg4 h5 32. Ne3 Nd3 33. f4 Rf6 34. Qe2 Qd7 35. Kg2 Kg7 36. f5 Re5 37. fxg6 Rxg6 38. Rxd3 exd3 39. Qb2 Qe8 40. Rf5 Rf6 41. Rxe5 Qg6 42. d6 Kf8 43. d7 Rd6 44. Re8+ Kf7 45. Qh8 1-0

[Event "Verbandsliga Nord Baden 1112"]
[Site "Germany"]
[Date "2011.11.06"]
[Round "2.1"]
[White "Hildenbrand, Peter"]
[Black "Bodrozic, Tomislav"]
[Result "1/2-1/2"]
[WhiteElo "2227"]
[BlackElo "2199"]
[PlyCount "152"]
[EventDate "2011.10.09"]
[EventType "team-tourn"]
[EventRounds "9"]
[EventCountry "GER"]
[SourceTitle "EXT 2013"]
[Source "ChessBase"]
[SourceDate "2012.11.22"]
[SourceVersion "1"]
[SourceVersionDate "2012.11.22"]
[SourceQuality "1"]
[WhiteTeam "Leimen"]
[BlackTeam "Birkenfeld"]
[WhiteTeamCountry "GER"]
[BlackTeamCountry "GER"]

1. d4 Nf6 2. Nf3 g6 3. Nc3 d5 4. Bf4 Bg7 5. e3 0-0 6. Be2 c5 7. Ne5 cxd4 8. exd4 Nc6 9. Nxc6 bxc6 10. Be5 Nd7 11. Bxg7 Kxg7 12. 0-0 e5 13. dxe5 Nxe5 14. Na4 Be6 15. Nc5 Qf6 16. c3 Nd7 17. Nxd7 Bxd7 18. Qd2 a5 19. Rfe1 Rfb8 20. b3 Be6 21. Bf3 Rd8 22. Qd4 Qxd4 23. cxd4 Kf6 24. Rac1 Bd7 25. Kf1 Rdb8 26. Rc3 Rb4 27. Rd3 a4 28. Bd1 axb3 29. Bxb3 h5 30. Rd2 Bf5 31. f3 g5 32. Kf2 h4 33. Rc1 Ra6 34. Re1 Be6 35. Ke3 Bf5 36. Kf2 Ra8 37. Rc1 Ra6 38. Re1 Ra8 39. Rc1 Ra6 40. g3 hxg3+ 41. hxg3 Bg6 42. Re1 Ra8 43. Rc1 Ra6 44. Re1 Ra8 45. Rc1 Ra6 46. Ke3 Rb8 47. Rh2 Re8+ 48. Kd2 g4 49. Re2 Rh8 50. Rf1 gxf3 51. Rxf3+ Kg7 52. Re7 c5 53. dxc5 Rc6 54. Rc3 d4 55. Rc4 Rh2+ 56. Re2 Rh5 57. Rxd4 Rhxc5 58. Re7 Rf5 59. Rf4 Rxf4 60. gxf4 Kf6 61. Re5 Bf5 62. a4 Be6 63. Bxe6 fxe6 64. Re4 Kf5 65. Kd3 Rc1 66. Rb4 e5 67. fxe5 Kxe5 68. Kd2 Ra1 69. Kc2 Kd6 70. Rc4 Rh1 71. Kb3 Rb1+ 72. Ka2 Rb7 73. Ka3 Rc7 74. Rh4 Kc6 75. Kb4 Kb7 76. Rh5 Rg7 1/2-1/2

[Event "Cappelle op 27th"]
[Site "Cappelle la Grande"]
[Date "2011.02.28"]
[Round "4"]
[White "Hildenbrand, Peter"]
[Black "Arnaudov, Petar G"]
[Result "0-1"]
[WhiteElo "2203"]
[BlackElo "2489"]
[PlyCount "60"]
[EventDate "2011.02.26"]
[EventType "swiss"]
[EventRounds "9"]
[EventCountry "FRA"]
[SourceTitle "CBM 141 Extra"]
[Source "ChessBase"]
[SourceDate "2011.05.03"]
[SourceVersion "1"]
[SourceVersionDate "2011.05.03"]
[SourceQuality "1"]

1. d4 Nf6 2. Nf3 e6 3. e3 b6 4. Nbd2 Bb7 5. Bd3 d5 6. Ne5 Bd6 7. f4 0-0 8. Qf3 Ba6 9. Bxa6 Nxa6 10. c3 c5 11. g4 Nd7 12. g5 b5 13. h4 b4 14. Qe2 Nab8 15. Qg4 bxc3 16. bxc3 cxd4 17. exd4 Qc7 18. g6 hxg6 19. Bb2 Nf6 20. Qf3 Nbd7 21. h5 Nxh5 22. Rxh5 gxh5 23. Qxh5 Rab8 24. Nb3 Nf6 25. Qh3 Ne4 26. 0-0-0 Nf2 27. Qh4 Nxd1 28. Kxd1 a5 29. Bc1 Bxe5 30. fxe5 Qxc3 0-1

[Event "Verbandsliga Nord Baden 0910"]
[Site "Baden"]
[Date "2010.10.17"]
[Round "1.1"]
[White "Hildenbrand, Peter"]
[Black "Braun, Joachim"]
[Result "0-1"]
[WhiteElo "2203"]
[BlackElo "2147"]
[PlyCount "118"]
[EventDate "2010.10.17"]
[EventType "team-tourn"]
[EventRounds "9"]
[EventCountry "GER"]
[SourceTitle "EXT 2012"]
[Source "ChessBase"]
[SourceDate "2011.11.24"]
[SourceVersion "1"]
[SourceVersionDate "2011.11.24"]
[SourceQuality "1"]
[WhiteTeam "Leimen"]
[BlackTeam "Birkenfeld"]
[WhiteTeamCountry "GER"]
[BlackTeamCountry "GER"]

1. d4 Nf6 2. Nf3 e6 3. e3 b6 4. Bd3 Bb7 5. 0-0 d5 6. b3 Bd6 7. Bb2 Nbd7 8. Nbd2 Ne4 9. Ne5 Nxd2 10. Qxd2 f6 11. Nxd7 Qxd7 12. f4 0-0 13. Qe2 f5 14. Rf3 Qe7 15. Rh3 Bc6 16. a4 a5 17. Qh5 g6 18. Rg3 Qg7 19. Qe2 Be7 20. Ba3 Bxa3 21. Rxa3 Qe7 22. Ra1 Bb7 23. Rg5 Kf7 24. h4 h6 25. Rg3 Qxh4 26. Rh3 Qf6 27. Rxh6 Rh8 28. Rxh8 Rxh8 29. Rd1 Qh4 30. Qf3 Kf6 31. Kf1 c5 32. Ke2 Qh5 33. Qxh5 Rxh5 34. Kf2 g5 35. fxg5+ Kxg5 36. c3 Rh4 37. Re1 Bc6 38. Bc2 Be8 39. Kg3 Rh8 40. Rb1 Bh5 41. Bd1 Bxd1 42. Rxd1 Rc8 43. Rc1 cxd4 44. exd4 f4+ 45. Kf3 Kf5 46. g3 fxg3 47. Kxg3 Ke4 48. Re1+ Kd3 49. Rxe6 Rxc3 50. Rxb6 Kxd4+ 51. Kf2 Kd3 52. Rb5 d4 53. Rxa5 Rxb3 54. Ra8 Kd2 55. a5 d3 56. a6 Rb6 57. Kf3 Rc6 58. Ke4 Kc2 59. Kd5 Rc3 0-1

[Event "Baden-Elsass m"]
[Site "Neumuehl"]
[Date "2010.09.26"]
[Round "?.7"]
[White "Roos, Jean Luc"]
[Black "Hildenbrand, Peter"]
[Result "1/2-1/2"]
[WhiteElo "2240"]
[BlackElo "2202"]
[PlyCount "83"]
[EventDate "2010.09.26"]
[EventType "team-match"]
[EventRounds "1"]
[EventCountry "GER"]
[SourceTitle "EXT 2011"]
[Source "ChessBase"]
[SourceDate "2010.11.26"]
[SourceVersion "1"]
[SourceVersionDate "2010.11.26"]
[SourceQuality "1"]
[WhiteTeam "Elsass"]
[BlackTeam "Baden"]
[WhiteTeamCountry "FRA"]
[BlackTeamCountry "GER"]

1. e4 d5 2. exd5 Qxd5 3. Nc3 Qd6 4. d4 Nf6 5. Nf3 a6 6. Ne5 Nc6 7. Nxc6 Qxc6 8. d5 Qd6 9. Be2 e6 10. Bf3 exd5 11. Nxd5 Nxd5 12. Qxd5 Qxd5 13. Bxd5 c6 14. Bb3 Be6 15. Bxe6 fxe6 16. Be3 Rd8 17. Ke2 Be7 18. Rhd1 Rf8 19. Bb6 Rxd1 20. Rxd1 Rf5 21. c4 Bc5 22. Bxc5 Rxc5 23. b3 Ke7 24. Rd4 Re5+ 25. Kd2 Rf5 26. Ke3 c5 27. Rd3 Rh5 28. h3 Re5+ 29. Kd2 Rf5 30. Ke2 Rf8 31. Rg3 g6 32. Rd3 Ra8 33. Ke3 b5 34. Rd2 bxc4 35. bxc4 Rb8 36. Rd3 Rb4 37. Ra3 Rxc4 38. Rxa6 Rc2 39. a4 Ra2 40. a5 Kf6 41. Ra8 c4 42. Rc8 1/2-1/2

[Event "Verbandsliga Nord Baden 0607"]
[Site "Germany"]
[Date "2007.03.11"]
[Round "7.1"]
[White "Boguslawski, Oleg"]
[Black "Hildenbrand, Peter"]
[Result "0-1"]
[WhiteElo "2417"]
[BlackElo "2202"]
[PlyCount "69"]
[EventDate "2006.10.22"]
[EventType "team"]
[EventRounds "9"]
[EventCountry "GER"]
[SourceTitle "EXT 2008"]
[Source "ChessBase"]
[SourceDate "2007.11.25"]
[SourceVersion "1"]
[SourceVersionDate "2007.11.25"]
[SourceQuality "1"]
[WhiteTeam "Hockenheim"]
[BlackTeam "Leimen"]
[WhiteTeamCountry "GER"]
[BlackTeamCountry "GER"]

1. e4 d6 2. d4 Nf6 3. Nc3 e5 4. Nf3 exd4 5. Nxd4 Be7 6. Be2 0-0 7. 0-0 Re8 8. Re1 a5 9. Bf1 Na6 10. f3 Nc5 11. Be3 Bf8 12. Qd2 d5 13. exd5 Nxd5 14. Bg5 Nf6 15. Bxf6 gxf6 16. Rxe8 Qxe8 17. Re1 Be6 18. Qf4 Qd7 19. Nxe6 Nxe6 20. Qxf6 Bg7 21. Qf5 Qd4+ 22. Kh1 Qf2 23. Rd1 Rd8 24. Bd3 h6 25. Ne4 Qd4 26. b3 Rd5 27. Qh3 f5 28. Ng3 Nf4 29. Qh4 Kh8 30. h3 Qe5 31. Nh5 Nxd3 32. Rxd3 Qa1+ 33. Kh2 Bd4 34. Rxd4 Qxd4 35. Nf6 0-1

[Event "Verbandsliga Nord Baden 0607"]
[Site "Germany"]
[Date "2006.12.17"]
[Round "4.1"]
[White "Hildenbrand, Peter"]
[Black "Voloshin, Leonid"]
[Result "0-1"]
[WhiteElo "2202"]
[BlackElo "2432"]
[PlyCount "64"]
[EventDate "2006.10.22"]
[EventType "team"]
[EventRounds "9"]
[EventCountry "GER"]
[SourceTitle "EXT 2008"]
[Source "ChessBase"]
[SourceDate "2007.11.25"]
[SourceVersion "1"]
[SourceVersionDate "2007.11.25"]
[SourceQuality "1"]
[WhiteTeam "Leimen"]
[BlackTeam "Buchen"]
[WhiteTeamCountry "GER"]
[BlackTeamCountry "GER"]

1. e4 d6 2. d4 Nf6 3. f3 e5 4. dxe5 dxe5 5. Qxd8+ Kxd8 6. Bc4 Be6 7. Bxe6 fxe6 8. Be3 Nc6 9. Nd2 Bd6 10. 0-0-0 Ke7 11. Nh3 h6 12. Nb3 a5 13. c4 a4 14. c5 axb3 15. a3 Nd7 16. cxd6+ cxd6 17. Rd3 Rhc8 18. Kb1 Na5 19. Nf2 Rc2 20. Rc1 Rac8 21. Rxc2 Rxc2 22. Nd1 Rxg2 23. Rd2 Rxd2 24. Bxd2 Nc6 25. Be3 Nd4 26. f4 Ne2 27. fxe5 Nxe5 28. Nf2 Kf6 29. Bb6 g5 30. Bd8+ Kg6 31. Bc7 Nc4 32. e5 Nd2+ 0-1